Los contratos mercantiles

Detalles Bibliográficos
Autor principal: Chuli ̀Vicent, Eduardo
Otros Autores: Beltrǹ Alandete, Teresa
Formato: Desconocido
Lenguaje:español
Publicado: [Barcelona] : J.M. Bosch, 2001
Materias:
Acceso en línea:Acceso restringido

MARC

LEADER 00000ny a22000003n 4500
005 20110601124356.0
008 080626s2001 sp s 000 0 spa c
020 |a 8476986270 
035 |a 661 
040 |a UMA.RE  |d vLex 
080 |a 347.741(460)(0.034) 
090 |c 396  |d 396 
100 1 |a Chuli ̀Vicent, Eduardo 
245 1 4 |a Los contratos mercantiles  |h [Recurso electrn̤ico]  |c Eduardo Chuli ̀Vicent, Teresa Beltrǹ Alandete 
256 |a Servicio en ln̕ea 
260 |a [Barcelona] :  |b J.M. Bosch,  |c 2001 
506 1 |a Contenido solo disponible en los productos indicados  |d vLex Global  |d vLex Global (Academic Edition, excluding Law Schools)  |d vLex Global (U.S. Academic Edition, Law Schools)  |d vLex Global (U.S. Academic Edition, excluding Law Schools)  |d vLex Global (Academic Edition, Law Schools) 
650 0 7 |a Contratos  |2 Tesauro vLex 
650 0 7 |a Civil  |2 Tesauro vLex 
650 0 7 |a Mercantil  |2 Tesauro vLex 
650 0 7 |a Contratos mercantiles  |2 Tesauro vLex 
700 1 |a Beltrǹ Alandete, Teresa 
740 0 |a vLex Libros (Servicios en ln̕ea) 
856 4 0 |u http://vlex.com/source/661  |z Acceso restringido 
942 |c BOOK 
999 0 |a Contracts  |b Barcelona